书目信息 |
| 题名: |
后印象派
|
|
| 作者: | 王端廷 编著 | |
| 分册: | ||
| 出版信息: | 北京 人民美术出版社 2000.10 |
|
| 页数: | 164页 | |
| 开本: | 21cm | |
| 丛书名: | 西方现代艺术流派书系 | |
| 单 册: | ||
| 中图分类: | J209.9 | |
| 科图分类: | ||
| 主题词: | 画派--西方国家 | |
| 电子资源: | ||
| ISBN: | 7-102-02241-7 | |
| 000 | 00984oam2 2200265 45 | |
| 001 | 012001602192 | |
| 005 | 20041010110348.94 | |
| 010 | @a7-102-02241-7@dCNY 36.00 | |
| 100 | @a20010418d2000 em y0chiy0120 ea | |
| 101 | 0 | @achi |
| 102 | @aCN@b110000 | |
| 105 | @aaf z 000yy | |
| 200 | 1 | @a后印象派@AHou Yin Xiang Pai@dPost Impressionism@f王端廷编著@FWang Duan Ting Bian Zhu@zeng |
| 210 | @a北京@c人民美术出版社@d2000.10 | |
| 215 | @a164页@c图,图版@d21cm | |
| 225 | 2 | @a西方现代艺术流派书系@dThe Western Modern Art Schools@f翟墨, 王端廷主编@zeng |
| 314 | @a王端廷(1961-),湖北蕲春人。1983年毕业于武汉大学。现为中国艺术研究院美术研究所研究员,中国艺术研究院研究生部美术系教授。专著有:《心灵万象·绘画》等。 | |
| 410 | 0 | @12001 @a西方现代艺术流派书系 |
| 510 | 1 | @aPost Impressionism@zeng |
| 606 | 0 | @a画派@y西方国家 |
| 610 | 1 | @a后印象派 |
| 690 | @aJ209.9@v4 | |
| 701 | 0 | @a王端廷@AWang Duan Ting@4编著 |
| 801 | 0 | @aCN@bCEPC@c20041010 |
| 905 | @a10447@dJ209.9@eW1501 | |
| 后印象派=Post Impressionism/王端廷编著.-北京:人民美术出版社,2000.10 |
| 164页:图,图版;21cm.-(西方现代艺术流派书系=The Western Modern Art Schools/翟墨, 王端廷主编) |
| ISBN 7-102-02241-7:CNY 36.00 |
| ● |
| 相关链接 |
|
|
|
正题名:后印象派
索取号:J209.9/W1501
 
预约/预借
| 序号 | 登录号 | 条形码 | 馆藏地/架位号 | 状态 | 备注 |
| 1 | 398733 | 203987338 | 艺术设计学院资料室/ [索取号:J209.9/W1501] | 在馆 |